Regional disintegration in the Soviet Union: economic costs and benefits.

Politický rozpad ZSSR sa zatiaľ nedotkol jeho ekonomiky. Skúmajú sa výhody a nevýhody pre jednotlivé republiky zväzu v prípade ich úplného odtrhnutia.

Guardado en:
Detalles Bibliográficos
Autor principal: Gros, D.
Formato: Capítulo de libro
Lenguaje:inglés
Materias:
Etiquetas: Agregar Etiqueta
Sin Etiquetas, Sea el primero en etiquetar este registro!

MARC

LEADER 00000naa a2200000 4500
001 r006570
005 20221130103342.7
041 0 |a eng 
044 |a DE 
245 1 0 |a Regional disintegration in the Soviet Union: economic costs and benefits.  |c D. Gros 
520 |a Politický rozpad ZSSR sa zatiaľ nedotkol jeho ekonomiky. Skúmajú sa výhody a nevýhody pre jednotlivé republiky zväzu v prípade ich úplného odtrhnutia. 
610 2 0 |a reformy hospodárske 
610 2 0 |a ZSSR 
610 2 0 |a mena 
610 2 0 |a únie colné 
610 2 0 |a únie menové 
610 2 0 |a údaje štatistické 
100 1 |a Gros, D.